000 00199 a2200097 4500
001 30723
100 _aHarwoood, D
245 _aScouts
260 _aEngland
_bLadybird Bks
_c
090 _c20655
_d20655
942 _aNUST-CAE
_cM
_c11842
999 _c265796
_d265796